01482nam a2200301 a 4500001001000000005001700010008004100027020001500068040001800083041001100101050001900112245020300131260009300334300004600427500013400473500016200607500003400769500005000803504003100853546003300884610007400917650003100991650005801022650003701080700002201117700002201139700001901161BRCA_134620190320203403.0960730s1996 dcua---##b---#001-0#eng-# a1560987286 aDLCcDLCdDLC aengnav 4aE99b.W68 199610aWoven by the GrandmothersbNineteenth-Century Navajo Textiles from the National Museum of the American Indiancedited by Eulalie H. Bonar ; Navajo translations by Ellavina Perkins and Esther Yazzie. aWashingtonbSmithsonian Institution Press : National Museum of the American Indianc1996 axv, 214 p.bil. (algunas a color)c25 cm. aCatálogo de la exposición realizada en el National Museum of the American Indian, (New York, City), octubre 1996 - enero 1997 aCatálogo de la exposición Tejido por las abuelas : textiles navajos del siglo XIX realizada en el Museo Franz Mayer (Ciudad de México), 12 marzo, 2001 aIncluye índice alfabético a2do. ejemplar en el Área de Investigación aBibliografía: p. 204-209 aTexto en : inglés y navajo24aNational Museum of the American Indian (Estados Unidos)xExposiciones14aTelas navajovExposiciones14aIndios navajovExposicionesxVida social y costumbres14aFilosofía navajovExposiciones1 aBonar, Eulalie H.1 aPerkins, Ellavina1 aYazzie, Esther